| 000 | 00419nam a22001697a 4500 | ||
|---|---|---|---|
| 003 | NUST - PNEC | ||
| 005 | 20170116181152.0 | ||
| 008 | 151202b xxu||||| |||| 00| 0 eng d | ||
| 020 | _a9780141030616 | ||
| 040 | _cLIBRARY | ||
| 082 | _a892.736 GIR | ||
| 100 |
_915516 _aAlsanea rajaa |
||
| 245 |
_aGirls of Riyadh _cRajaa Alsanea |
||
| 260 | _cc2007. | ||
| 650 |
_915517 _aYoung women _xGeneral |
||
| 942 |
_2ddc _cBK |
||
| 999 |
_c70997 _d70997 |
||